Como ser uma princesa (Record no. 47510)

MARC details
000 -LÍDER
campo de controle de tamanho fixo 00329 a2200145 4500
001 - NÚMERO DE CONTROLE
campo de controle 47510
040 ## - FONTE DA CATALOGAÇÃO
Instituição que transcreveu o registro Anchieta - Aquarius
100 ## - ENTRADA PRINCIPAL--NOME PESSOAL
Nome pessoal Matthews, Caitlín
240 10 - TÍTULO UNIFORME
Título uniforme Como ser uma princesa
Idioma da obra por
245 10 - TÍTULO
Título Como ser uma princesa
300 ## - DESCRIÇÃO FÍSICA
Extensão 28p.
362 0# - DATAS DE PUBLICAÇÃO E/OU DESIGNAÇÃO SEQUENCIAL
Datas de publicação e/ou designação sequencial 2012
650 #4 - ASSUNTO--TERMO TÓPICO
Cabeçalho tópico ou nome geográfico Literatura infanto-juvenil
942 ## - ELEMENTOS DE ENTRADA ADICIONADOS (KOHA)
Tipo de material Koha Livros
Holdings
Situação do descarte Situação das perdas Situação física Não pode ser emprestado Biblioteca de origem Biblioteca atual Data de aquisição Total de empréstimos Número de chamada completo Código de barras Data de último acesso Data do último empréstimo Data do preço efetivo Tipo de material Koha
        Colégio Anchieta - Aquarius Inspira 21/11/2023 6 028.5 MAT COM 6245/AQU 21/11/2023 21/11/2023 21/11/2023 Livros